000 00669nam a2200217Ia 4500
008 160803s9999 xx 000 0 und d
020 _a0 439458099
100 _aBridwell, Norman
245 _aFishing lessons /
245 _cadapted by Alison Inches ; illustrated by Jose Maria Cardona.
260 _aNew York :
260 _bScholastic Inc.
260 _c2003
300 _a1 volume, 25 unnumbered pages :
300 _bcolor illustrations ;
300 _c21 cm.
440 _aClifford the big red dog.
500 _aBased on the Scholastic book series "Clifford the big red dog" by Norman Bridwell.
650 _aFishing stories.
700 _a240
999 _c299058
_d299058